Brainrot italien par image - Statistiques

Statistiques générales
  • Ce quiz a été pris 299 fois
  • Le résultat moyen est 11 sur 30
Statistiques - réponses
Par images Réponse % Correct
Brr Brr Patapim
93%
Tralalero Tralala
91%
Tung Tung Tung Sahur
90%
Chimpanzini bananini
72%
Lirili Larila
69%
Ballerina Capuccina
60%
Bombardilo Crocodilo
54%
Ta Ta Ta Sahur
54%
Trippi Troppi
54%
Cappuccino Assassino
47%
Frigo Camello
47%
Boneca Ambalabu
43%
Matteo
33%
Frulli Frulla
27%
Bombombini Gusini
26%
Trulimero Trulicina
22%
Giraffa Celeste
19%
Orcalero Orcala
19%
Brri Brri Bicus Dicus
18%
La Vacca Saturno Saturnita
18%
Pot Hotspot
18%
Blueberrini Octopussini
15%
Glorbo Frutodrillo
14%
Orangutini Ananasini
13%
Udin din din dun
11%
Bobrito Bandito
9%
Burbaloni Luliloli
9%
Garama and Madungdung
8%
Tric Trac Barabum
5%
Il Cacto Hipopotamo
2%
Aucun quiz correspondant
Distribution des résultats
% des personnes avec chaque résultat
Percentile par nombre de réponses
Votre historique - résultats
Vous n’avez pas pris ce quiz